000 00279nam a2200097Ia 4500
008 171204s9999 xx 000 0 und d
245 _aAccounting Entries in SAP ERP Controlling:
245 _cJanet Salmon
260 _c2016
856 _uhttp://down.ebook777.com/037/B01JH0IAWS.pdf
999 _c345785
_d345785